| 000 | 01274cam a2200241 4500 | ||
|---|---|---|---|
| 001 | WB4020-10 | ||
| 008 | 040526n2004 000 0 eng u | ||
| 035 | _a(Sirsi) u126297 | ||
| 245 | _aEuropean investible property market worth Euros 3 trillion | ||
| 260 | _c2004 | ||
| 490 |
_aEstates Gazette _v(0421) 22 May 2004, 47(1) |
||
| 520 | _aNew research presented at the IPD/INREV conference values the investible property market in Europe at almost Euros 3 trillion. The UK has the highest proportion of the total investible market owned by institutions, many of which will be investing in continental Europe in 2004 as the domestic market suffers stock shortage. The research data could be used by pan-European investors to decide country allocations. "European market dimensions: an inventory of the investible market in 11 European countries", the IPD/INREV conference paper and presentation, are available at https://ipddpas.com/Events/Web%20Pages/Day_One.htm l. | ||
| 590 | _aWB | ||
| 590 | _aWB | ||
| 650 | _aCOMMERCIAL PROPERTY MARKET | ||
| 650 | _aRESIDENTIAL PROPERTY MARKET | ||
| 650 | _aEUROPE | ||
| 650 | _aPROPERTY INVESTMENT | ||
| 650 | _aINVESTIBLE PROPERTY MARKET | ||
| 650 | _aINSTITUTIONAL INVESTORS | ||
| 690 | _aINVESTMENT | ||
| 942 | _n0 | ||
| 999 |
_c117406 _d117406 |
||